000
00266nam a22001097a 4500
999
_c
4475
_d
4475
008
250225b ||||| |||| 00| 0 eng d
020
_a
9781786032270
082
_a
326.8092 VEG
100
_a
VEGARA,M ISABEL SANCHEZ
_e
AUTHOR
245
_a
HARRIET TUBMAN
942
_2
ddc